000 00674nam a2200253Ia 4500
003 OSt
005 20220918174957.0
006 a|||||r|||| 00| 0
007 ta
008 220917b |||||||| |||| 00| 0 eng d
024 _a14,964
037 _cTextual
040 _aARTS
_cARTS
_beng
041 _2eng
_aeng
082 _aNB4653,C5, M3
100 _aSegal Arthur
_952367
245 0 _aByzatine city of Shivta (Esbeita)
260 _aNegev
_bDesert Israel Oxford Pub
_c1983
300 _a208p.
_ccm.
490 _aBAR International series; 179
650 _aARTS
942 _hNB4653,C5, M3
_cTEXL
_2CC
999 _c155424
_d155424